|
|
|
|
| LEADER |
00937nam a22002297a 4500 |
| 001 |
AAL1920 |
| 003 |
BD-DhAAL |
| 005 |
20160626120126.0 |
| 008 |
160626s 1993bg ||||| |||| 00| 0 ben d |
| 020 |
|
|
|a 9840728512
|
| 040 |
|
|
|a BD-DhAAL
|c BD-DhAAL
|
| 082 |
|
|
|a 658.302077
|
| 100 |
|
|
|a খান, মিসবাহউদ্দিন
|9 19736
|
| 245 |
|
|
|a তত্ত্বাবধান ও তত্ত্বাবধায়ক /
|c মিসবাহউদ্দিন খান
|
| 260 |
|
|
|a ঢাকা :
|b বাংলা একাডেমী,
|c ১৯৯৩
|
| 300 |
|
|
|a ৪৬৮ পৃ. ;
|c ২২ সে.মি.
|
| 541 |
|
|
|e 1920
|
| 650 |
|
|
|a Supervision of employees.
|9 19737
|
| 852 |
|
|
|a Savar Campus Library
|c General Stacks
|
| 942 |
|
|
|2 ddc
|c BK
|
| 999 |
|
|
|c 37626
|d 37626
|
| 952 |
|
|
|0 0
|1 0
|2 ddc
|4 0
|6 658_302077000000000_KHA
|7 0
|9 59181
|a SCL
|b SCL
|c GEN
|d 2016-06-26
|g 160.00
|l 0
|o 658.302077 KHA
|p 3020001920
|r 2016-06-26
|t 1
|w 2016-06-26
|y BK
|